| 000 | 01056nam a2200265 i 4500 | ||
|---|---|---|---|
| 001 | 22134 | ||
| 003 | ES-MaACL | ||
| 005 | 20250704072300.0 | ||
| 007 | t| | ||
| 008 | 021217q1950 sp |||| | spa d | ||
| 080 | _a061.21(460.27) Ateneo "1949-50" | ||
| 110 | 2 |
_aAteneo de Madrid. _91875 _eisb |
|
| 245 | 1 | 0 | _aObra cultural del Ateneo de Madrid durante el curso 1949-50. |
| 260 |
_a[Madrid : _bs.n., _cca. 1950] _f(Imp. Cedesa) |
||
| 300 |
_a15 páginas ; _c24 cm. |
||
| 530 | _aDisponible en formato digital | ||
| 610 | 2 | 4 |
_aAteneo de Madrid- _vMemorias de Secretaría. _91929 |
| 610 | 2 | 4 |
_aAteneo de Madrid- _vObras digitalizadas. _91930 |
| 610 | 2 | 4 |
_aAteneo de Madrid- _xActos culturales- _y1949-1950. _9161916 |
| 852 |
_aES-MaACL _j1941-F-6 _cDEPOF _zRevisado enlace: 19 de abril de 2025 |
||
| 856 |
_uhttp://www.ateneodemadrid.net/biblioteca_digital/folletos/Memoria-1950.pdf _yVersión en línea _z(Colección digital del Ateneo de Madrid) |
||
| 942 |
_2udc _cFOLLETOS _n0 |
||
| 999 |
_c22134 _d22134 |
||